=LDR 00000nam 2200000 4500 =001 INLIS000000000006443 =005 20130612094559 =008 ***********************************Ind** =035 ##$$0010-061300000006443 =041 ##$$a Ind =082 ##$$a 181.45 =090 ##$$a 181.45 Aca a =100 ##$$a Acarya, Avadutika Ananda Mitra =245 ##$$a Apa salahnya makan daging/Avadutika Anandamita Acarya =260 ##$$b Jakarta =300 ##$$a 55 hlm. : ilus. ; 20 cm =650 ##$$a Yoga =850 ##$$a NBPNMAT